00324nam a22001097a 4500082003300000100001900033245008100052260002500133300001100158526003700169650000800206 a355.009567bIRAcL-28, p-118 aThe Iraqi Army aThe Iraqi army sixtieth anniversary 6th. January 1921 - 1981cThe Iraqi Army aIraqbThe Iraqi Army a210 p: a0b0c0d355_009567000000000_IRA aMCE